| 000 | 00404nam a2200157Ia 4500 | ||
|---|---|---|---|
| 008 | 230917s9999||||xx |||||||||||||| ||und|| | ||
| 020 | _cPOU1.2 | ||
| 040 |
_e8761 _aMAIN |
||
| 041 | _aEnglish | ||
| 082 | _a327.4204 J684B | ||
| 100 | _aJoll, James, ed. | ||
| 245 | 0 | _aBritain and Europe: Pitt to Churchil 1793-1940 | |
| 260 |
_aOxford _bClarendon Press _c1967 |
||
| 300 | _axiv, 385 p. | ||
| 942 | _cBK | ||
| 999 |
_c182941 _d182941 |
||